| 000 | 00603nam a2200181Ia 4500 | ||
|---|---|---|---|
| 008 | 100920s9999 xx 000 0 und d | ||
| 082 |
_b90725 _a28 व 891 थ 95 |
||
| 100 | _aपार्डीकर प्रभा. | ||
| 245 | _aवाढदिवस. | ||
| 260 |
_bसाहित्यसेवा प्रकाशन,औरंगाबाद. _c1995 |
||
| 300 |
_a30 _bसाधी |
||
| 365 | _b15 | ||
| 520 | _aबा.वि.लघुकथा. | ||
| 630 | _aवाढदिवस. | ||
| 650 | _aबा.वि.लघुकथा. | ||
| 730 | _aवाढदिवस. | ||
| 942 | _cBOOK | ||
| 999 |
_c731208 _d731205 |
||